<?xml version="1.0" encoding="UTF-8"?>
<record
    xmlns:xsi="http://www.w3.org/2001/XMLSchema-instance"
    xsi:schemaLocation="http://www.loc.gov/MARC21/slim http://www.loc.gov/standards/marcxml/schema/MARC21slim.xsd"
    xmlns="http://www.loc.gov/MARC21/slim">

  <leader>02830    a2200289   4500</leader>
  <controlfield tag="003">NALT</controlfield>
  <controlfield tag="005">20260112135139.0</controlfield>
  <controlfield tag="008">231019b        th ||||| |||| 00| 0 tha d</controlfield>
  <datafield tag="020" ind1=" " ind2=" ">
    <subfield code="a">9786163813572</subfield>
  </datafield>
  <datafield tag="040" ind1=" " ind2=" ">
    <subfield code="a">NALT</subfield>
  </datafield>
  <datafield tag="090" ind1=" " ind2=" ">
    <subfield code="a">KO 22</subfield>
    <subfield code="b">&#xE1A;541&#xE23;</subfield>
  </datafield>
  <datafield tag="100" ind1="0" ind2=" ">
    <subfield code="a">&#xE1A;&#xE38;&#xE0D;&#xE23;&#xE48;&#xE27;&#xE21; &#xE40;&#xE17;&#xE35;&#xE22;&#xE21;&#xE08;&#xE31;&#xE19;&#xE17;&#xE23;&#xE4C;.</subfield>
    <subfield code="9">13028</subfield>
  </datafield>
  <datafield tag="245" ind1="1" ind2="0">
    <subfield code="a">&#xE23;&#xE27;&#xE21;&#xE01;&#xE0E;&#xE2B;&#xE21;&#xE32;&#xE22;&#xE17;&#xE35;&#xE48;&#xE14;&#xE34;&#xE19; &#xE41;&#xE25;&#xE30; &#xE1E;.&#xE23;.&#xE1A;. &#xE20;&#xE32;&#xE29;&#xE35;&#xE17;&#xE35;&#xE48;&#xE14;&#xE34;&#xE19;&#xE41;&#xE25;&#xE30;&#xE2A;&#xE34;&#xE48;&#xE07;&#xE1B;&#xE25;&#xE39;&#xE01;&#xE2A;&#xE23;&#xE49;&#xE32;&#xE07; &#xE1E;&#xE23;&#xE49;&#xE2D;&#xE21;&#xE2B;&#xE31;&#xE27;&#xE02;&#xE49;&#xE2D;&#xE40;&#xE23;&#xE37;&#xE48;&#xE2D;&#xE07;&#xE21;&#xE32;&#xE15;&#xE23;&#xE32;&#xE2A;&#xE33;&#xE04;&#xE31;&#xE0D; &#xE09;&#xE1A;&#xE31;&#xE1A;&#xE2A;&#xE21;&#xE1A;&#xE39;&#xE23;&#xE13;&#xE4C; /</subfield>
    <subfield code="c">&#xE23;&#xE27;&#xE1A;&#xE23;&#xE27;&#xE21;&#xE42;&#xE14;&#xE22; &#xE1A;&#xE38;&#xE0D;&#xE23;&#xE48;&#xE27;&#xE21; &#xE40;&#xE17;&#xE35;&#xE22;&#xE21;&#xE08;&#xE31;&#xE19;&#xE17;&#xE23;&#xE4C; &#xE41;&#xE25;&#xE30; &#xE28;&#xE23;&#xE31;&#xE0D;&#xE0D;&#xE32; &#xE27;&#xE34;&#xE0A;&#xE0A;&#xE32;&#xE18;&#xE23;&#xE23;&#xE21;.</subfield>
    <subfield code="h">[electronic resource]</subfield>
    <subfield code="n">    </subfield>
  </datafield>
  <datafield tag="260" ind1=" " ind2=" ">
    <subfield code="a">&#xE01;&#xE23;&#xE38;&#xE07;&#xE40;&#xE17;&#xE1E;&#xE2F; :</subfield>
    <subfield code="b">&#xE2D;&#xE34;&#xE19;&#xE2A;&#xE4C;&#xE1E;&#xE31;&#xE25;,</subfield>
    <subfield code="c">&#xE21;.&#xE1B;.&#xE1B;..</subfield>
  </datafield>
  <datafield tag="300" ind1=" " ind2=" ">
    <subfield code="a">505 &#xE2B;&#xE19;&#xE49;&#xE32; :</subfield>
    <subfield code="c">21 &#xE0B;&#xE21;.</subfield>
  </datafield>
  <datafield tag="300" ind1=" " ind2=" ">
    <subfield code="a">Online resource</subfield>
  </datafield>
  <datafield tag="505" ind1="2" ind2=" ">
    <subfield code="a">&#xE1E;&#xE23;&#xE30;&#xE23;&#xE32;&#xE0A;&#xE1A;&#xE31;&#xE0D;&#xE0D;&#xE31;&#xE15;&#xE34;&#xE43;&#xE2B;&#xE49;&#xE43;&#xE0A;&#xE49;&#xE1B;&#xE23;&#xE30;&#xE21;&#xE27;&#xE25;&#xE01;&#xE0E;&#xE2B;&#xE21;&#xE32;&#xE22;&#xE17;&#xE35;&#xE48;&#xE14;&#xE34;&#xE19; &#xE1E;.&#xE28;. 2497 -- &#xE1B;&#xE23;&#xE30;&#xE21;&#xE27;&#xE25;&#xE01;&#xE0E;&#xE2B;&#xE21;&#xE32;&#xE22;&#xE41;&#xE1E;&#xE48;&#xE07;&#xE41;&#xE25;&#xE30;&#xE1E;&#xE32;&#xE13;&#xE34;&#xE0A;&#xE22;&#xE4C; &#xE1A;&#xE23;&#xE23;&#xE1E; 1 &#xE2B;&#xE25;&#xE31;&#xE01;&#xE17;&#xE31;&#xE48;&#xE27;&#xE44;&#xE1B; &#xE25;&#xE31;&#xE01;&#xE29;&#xE13;&#xE30; 3 &#xE17;&#xE23;&#xE31;&#xE1E;&#xE22;&#xE4C; &#xE41;&#xE25;&#xE30; &#xE1A;&#xE23;&#xE23;&#xE1E; 4 &#xE17;&#xE23;&#xE31;&#xE1E;&#xE22;&#xE4C;&#xE2A;&#xE34;&#xE19; -- &#xE1E;&#xE23;&#xE30;&#xE23;&#xE32;&#xE0A;&#xE1A;&#xE31;&#xE0D;&#xE0D;&#xE31;&#xE15;&#xE34;&#xE20;&#xE32;&#xE29;&#xE35;&#xE17;&#xE35;&#xE48;&#xE14;&#xE34;&#xE19;&#xE41;&#xE25;&#xE30;&#xE2A;&#xE34;&#xE48;&#xE07;&#xE1B;&#xE25;&#xE39;&#xE01;&#xE2A;&#xE23;&#xE49;&#xE32;&#xE07; &#xE1E;.&#xE28;. 2562 -- &#xE01;&#xE0E;&#xE2B;&#xE21;&#xE32;&#xE22;&#xE40;&#xE01;&#xE35;&#xE48;&#xE22;&#xE27;&#xE01;&#xE31;&#xE1A;&#xE25;&#xE14;&#xE20;&#xE32;&#xE29;&#xE35;&#xE17;&#xE35;&#xE48;&#xE14;&#xE34;&#xE19;&#xE41;&#xE25;&#xE30;&#xE2A;&#xE34;&#xE48;&#xE07;&#xE1B;&#xE25;&#xE39;&#xE01;&#xE2A;&#xE23;&#xE49;&#xE32;&#xE07; -- &#xE1E;&#xE23;&#xE30;&#xE23;&#xE32;&#xE0A;&#xE1A;&#xE31;&#xE0D;&#xE0D;&#xE31;&#xE15;&#xE34;&#xE01;&#xE32;&#xE23;&#xE40;&#xE0A;&#xE48;&#xE32;&#xE17;&#xE35;&#xE48;&#xE14;&#xE34;&#xE19;&#xE40;&#xE1E;&#xE37;&#xE48;&#xE2D;&#xE40;&#xE01;&#xE29;&#xE15;&#xE23;&#xE01;&#xE23;&#xE23;&#xE21; &#xE1E;.&#xE28;. 2524 -- &#xE1E;&#xE23;&#xE30;&#xE23;&#xE32;&#xE0A;&#xE1A;&#xE31;&#xE0D;&#xE0D;&#xE31;&#xE15;&#xE34;&#xE01;&#xE32;&#xE23;&#xE08;&#xE31;&#xE14;&#xE2A;&#xE23;&#xE23;&#xE17;&#xE35;&#xE48;&#xE14;&#xE34;&#xE19; &#xE1E;.&#xE28;. 2543 -- &#xE1E;&#xE23;&#xE30;&#xE23;&#xE32;&#xE0A;&#xE1A;&#xE31;&#xE0D;&#xE0D;&#xE31;&#xE15;&#xE34;&#xE08;&#xE31;&#xE14;&#xE23;&#xE39;&#xE1B;&#xE17;&#xE35;&#xE48;&#xE14;&#xE34;&#xE19;&#xE40;&#xE1E;&#xE37;&#xE48;&#xE2D;&#xE1E;&#xE31;&#xE12;&#xE19;&#xE32;&#xE1E;&#xE37;&#xE49;&#xE19;&#xE17;&#xE35;&#xE48; &#xE1E;.&#xE28;. 2547 -- &#xE1E;&#xE23;&#xE30;&#xE23;&#xE32;&#xE0A;&#xE1A;&#xE31;&#xE0D;&#xE0D;&#xE31;&#xE15;&#xE34;&#xE08;&#xE31;&#xE14;&#xE23;&#xE39;&#xE1B;&#xE17;&#xE35;&#xE48;&#xE14;&#xE34;&#xE19;&#xE40;&#xE1E;&#xE37;&#xE48;&#xE2D;&#xE40;&#xE01;&#xE29;&#xE15;&#xE23;&#xE01;&#xE23;&#xE23;&#xE21; &#xE1E;.&#xE28;. 2558 -- &#xE1E;&#xE23;&#xE30;&#xE23;&#xE32;&#xE0A;&#xE1A;&#xE31;&#xE0D;&#xE0D;&#xE31;&#xE15;&#xE34;&#xE04;&#xE13;&#xE30;&#xE01;&#xE23;&#xE23;&#xE21;&#xE01;&#xE32;&#xE23;&#xE19;&#xE42;&#xE22;&#xE1A;&#xE32;&#xE22;&#xE17;&#xE35;&#xE48;&#xE14;&#xE34;&#xE19;&#xE41;&#xE2B;&#xE48;&#xE07;&#xE0A;&#xE32;&#xE15;&#xE34; &#xE1E;.&#xE28;. 2562.</subfield>
  </datafield>
  <datafield tag="650" ind1=" " ind2="4">
    <subfield code="9">19339</subfield>
    <subfield code="a">&#xE01;&#xE0E;&#xE2B;&#xE21;&#xE32;&#xE22;&#xE17;&#xE35;&#xE48;&#xE14;&#xE34;&#xE19;</subfield>
    <subfield code="z">&#xE44;&#xE17;&#xE22; </subfield>
  </datafield>
  <datafield tag="650" ind1=" " ind2="4">
    <subfield code="9">11338</subfield>
    <subfield code="a">&#xE20;&#xE32;&#xE29;&#xE35;&#xE17;&#xE35;&#xE48;&#xE14;&#xE34;&#xE19; </subfield>
    <subfield code="x">&#xE01;&#xE0E;&#xE2B;&#xE21;&#xE32;&#xE22;&#xE41;&#xE25;&#xE30;&#xE23;&#xE30;&#xE40;&#xE1A;&#xE35;&#xE22;&#xE1A;&#xE02;&#xE49;&#xE2D;&#xE1A;&#xE31;&#xE07;&#xE04;&#xE31;&#xE1A;</subfield>
  </datafield>
  <datafield tag="650" ind1=" " ind2="4">
    <subfield code="9">14590</subfield>
    <subfield code="a">&#xE20;&#xE32;&#xE29;&#xE35;&#xE42;&#xE23;&#xE07;&#xE40;&#xE23;&#xE37;&#xE2D;&#xE19;&#xE41;&#xE25;&#xE30;&#xE17;&#xE35;&#xE48;&#xE14;&#xE34;&#xE19;</subfield>
    <subfield code="z">&#xE44;&#xE17;&#xE22; </subfield>
  </datafield>
  <datafield tag="700" ind1="0" ind2=" ">
    <subfield code="a">&#xE28;&#xE23;&#xE31;&#xE0D;&#xE0D;&#xE32; &#xE27;&#xE34;&#xE0A;&#xE0A;&#xE32;&#xE18;&#xE23;&#xE23;&#xE21;.</subfield>
    <subfield code="9">32309</subfield>
  </datafield>
  <datafield tag="850" ind1=" " ind2=" ">
    <subfield code="a">NALT</subfield>
  </datafield>
  <datafield tag="856" ind1="4" ind2="0">
    <subfield code="u">https://ebook.parliament.go.th/ebookall/detail/438316</subfield>
    <subfield code="y">E-Book</subfield>
  </datafield>
  <datafield tag="942" ind1=" " ind2=" ">
    <subfield code="2">local</subfield>
    <subfield code="c">LB</subfield>
  </datafield>
  <datafield tag="996" ind1=" " ind2=" ">
    <subfield code="a">saiphon.d</subfield>
    <subfield code="b">CATSTF	</subfield>
    <subfield code="c">2023-10-20</subfield>
  </datafield>
  <datafield tag="996" ind1=" " ind2=" ">
    <subfield code="a">jamriang.p</subfield>
    <subfield code="b">CATSTF	</subfield>
    <subfield code="c">2026-01-12</subfield>
  </datafield>
  <datafield tag="999" ind1=" " ind2=" ">
    <subfield code="c">103483</subfield>
    <subfield code="d">103483</subfield>
  </datafield>
  <datafield tag="998" ind1=" " ind2=" ">
    <subfield code="j">1020</subfield>
    <subfield code="k"> &#xE19;&#xE32;&#xE07;&#xE08;&#xE33;&#xE40;&#xE23;&#xE35;&#xE22;&#xE07;  &#xE23;&#xE30;&#xE27;&#xE31;&#xE07;&#xE2A;&#xE33;&#xE42;&#xE23;&#xE07;</subfield>
  </datafield>
  <datafield tag="952" ind1=" " ind2=" ">
    <subfield code="0">0</subfield>
    <subfield code="1">0</subfield>
    <subfield code="2">local</subfield>
    <subfield code="4">0</subfield>
    <subfield code="7">0</subfield>
    <subfield code="8">CLAW</subfield>
    <subfield code="a">NALT</subfield>
    <subfield code="b">NALT</subfield>
    <subfield code="c">LAW</subfield>
    <subfield code="d">2023-10-04</subfield>
    <subfield code="e">192</subfield>
    <subfield code="l">1</subfield>
    <subfield code="o">KO 22 &#xE1A;541&#xE23;</subfield>
    <subfield code="p">3961223632</subfield>
    <subfield code="r">2025-05-26 00:00:00</subfield>
    <subfield code="s">2025-05-26</subfield>
    <subfield code="w">2023-10-04</subfield>
    <subfield code="y">LB</subfield>
  </datafield>
  <datafield tag="952" ind1=" " ind2=" ">
    <subfield code="0">0</subfield>
    <subfield code="1">0</subfield>
    <subfield code="2">lcc</subfield>
    <subfield code="4">0</subfield>
    <subfield code="7">0</subfield>
    <subfield code="8">CERS</subfield>
    <subfield code="a">NALT</subfield>
    <subfield code="b">NALT</subfield>
    <subfield code="c">ONLINE</subfield>
    <subfield code="d">2025-09-29</subfield>
    <subfield code="e">191</subfield>
    <subfield code="l">0</subfield>
    <subfield code="r">2025-09-29 00:00:00</subfield>
    <subfield code="t">1</subfield>
    <subfield code="w">2025-09-29</subfield>
    <subfield code="y">EBK</subfield>
  </datafield>
</record>
